Gītā navanīta. (Record no. 65471)

MARC details
000 -LEADER
fixed length control field 00631cam a22002411 4500
001 - CONTROL NUMBER
control field sa 65007997
003 - CONTROL NUMBER IDENTIFIER
control field DLC
005 - DATE AND TIME OF LATEST TRANSACTION
control field 20260227112152.0
008 - FIXED-LENGTH DATA ELEMENTS--GENERAL INFORMATION
fixed length control field 891009s1964 ii ac 000 0 sano
010 ## - LIBRARY OF CONGRESS CONTROL NUMBER
LC control number sa 65007997
025 ## - OVERSEAS ACQUISITION NUMBER
Overseas acquisition number PL480:I-San-288
035 ## - SYSTEM CONTROL NUMBER
System control number (OCoLC)20457601
040 ## - CATALOGING SOURCE
Original cataloging agency DLC
Transcribing agency WaU
Modifying agency DLC
041 0# - LANGUAGE CODE
Language code of text/sound track or separate title sanhin
042 ## - AUTHENTICATION CODE
Authentication code premarc
050 00 - LIBRARY OF CONGRESS CALL NUMBER
Classification number PK3631
Item number .B5 1964b
130 0# - MAIN ENTRY--UNIFORM TITLE
Uniform title Bhagavadgītā.
245 10 - TITLE STATEMENT
Title Gītā navanīta.
260 ## - PUBLICATION, DISTRIBUTION, ETC.
Date of publication, distribution, etc. 1964.
300 ## - PHYSICAL DESCRIPTION
Extent 12, 268 p.
Other physical details illus., ports.
Dimensions 19 cm.
500 ## - GENERAL NOTE
General note Hindi and Sanskrit; introductory matter in Hindi.
700 1# - ADDED ENTRY--PERSONAL NAME
Personal name Agrawala, Vasudeva Sharana.

No items available.

Powered by Koha